Самые населённые районы Москвы - Statistics

General Stats
  • This quiz has been taken 155 times
  • The average score is 5 of 15
Answer Stats
Округ Население Район % Correct
ЮВАО 181 447 Люблино
56%
ЮЗАО 208 783 Южное Бутово
55%
ЮВАО 271 915 Марьино
54%
ЮАО 158 304 Чертаново Южное
51%
ЮАО 157 292 Бирюлёво Восточное
40%
СЗАО 161 980 Строгино
36%
СЗАО 171 805 Северное Тушино
33%
ЮВАО 241 783 Выхино-Жулебино
30%
СВАО 187 728 Отрадное
30%
ЮЗАО 175 253 Ясенево
30%
СЗАО 197 840 Митино
29%
ВАО 165 243 Гольяново
27%
ЗАО 153 316 Кунцево
26%
СВАО 159 344 Бибирево
21%
СЗАО 181 520 Хорошёво-Мнёвники
16%
No matching quizzes found
Score Distribution
Percent of People with Each Score
Percentile by Number Answered
Your Score History
You have not taken this quiz